| 000 | 00439 a2200157 4500 | ||
|---|---|---|---|
| 020 | _a0006162754 | ||
| 040 |
_aDLC _bDLC |
||
| 082 | _a823.912 | ||
| 100 | _aChristie, Agatha. | ||
| 245 |
_aAfter the Funeral _cChristie, Agatha |
||
| 260 |
_aEngland: _b HarperCollins Publishers Ltd, _c1953. |
||
| 300 |
_a251 p. ; _b22 cm. |
||
| 500 | _aIncludes Index | ||
| 650 | _aPrivate investigators --England --Fiction. | ||
| 942 |
_aSEEC _cBK _k _2ddc |
||
| 999 |
_c481843 _d481843 |
||